000 00882nam a2200301Ia 4500
001 86673
003 IT-RoPAU
008 130308s9999 xx 000 0 und d
040 _aIT-RoPAU
040 _cIT-RoPAU
041 _aSPAGNOLO
100 _aMonteira Felix
100 _gCodice Aut. SPICS: 30897
245 _aAspecto formal del periodico (El)
245 _bPais (El) o la referencia Dominante
250 _a1a ed.
260 _aBARCELONA
260 _bMitre
260 _c1986 [1° Ed.:1986 - Ed.Ling.Originale:1986]
300 _a"8 p. (prefazione: no ; testo: 8 [pagine: 181-188])"
500 _aAspetto Formale del Periodico Struttura Disegno Come Linguaggio e Lettura tipografia impaginazione Pubblicita'
650 _aSAGGI DI STAMPA DI MASSA
650 _eCodice materia Spics: 6661
942 _cBK
957 _71
999 _c50003
_d50003
999 _bSI
999 _g1